MARC details
| 000 -CABECERA |
| campo de control de longitud fija |
00984nam a2200241 a 4500 |
| 005 - FECHA Y HORA DE LA ÚLTIMA TRANSACCIÓN |
| campo de control |
20220810144111.0 |
| 008 - ELEMENTOS DE LONGITUD FIJA--INFORMACIÓN GENERAL |
| campo de control de longitud fija |
181120s2018 mx r 000 0 spa d |
| 020 ## - NÚMERO INTERNACIONAL NORMALIZADO PARA LIBROS |
| Número Internacional Estándar del Libro |
9786079497446 |
| 035 ## - NÚMERO DE CONTROL DEL SISTEMA |
| Número de control de sistema |
UPN01000227931 |
| 049 ## - COLECCIÓN |
| Colección |
CG |
| 050 #4 - SIGNATURA TOPOGRÁFICA DE LA BIBLIOTECA DEL CONGRESO |
| Número de clasificación |
HN112 |
| Número de documento/Ítem |
F6.2 |
| 111 2# - ASIENTO PRINCIPAL--NOMBRE DE REUNION |
| Nombre de congreso/reunión o jurisdicción como elemento de entrada |
Foro Los Desafíos de México ante los Discursos Globales : Violencia, Política, Subjetividad y Psicoanálisis |
| Fecha del congreso/reunión |
(2017 : |
| Sede del congreso/Lugar de la reunión |
Tlaxcala) |
| 245 14 - MENCIÓN DE TÍTULO |
| Título |
Los desafíos de México ante los discursos globales : |
| Resto del título |
violencia, política, subjetividad y psicoanálisis / |
| Mención de responsabilidad, etc. |
coord. Natatxa Carreras Sendra. |
| 260 ## - PUBLICACIÓN, DISTRIBUCIÓN, ETC. |
| Lugar de publicación, distribución, etc. |
México : |
| Nombre del editor, distribuidor, etc. |
Navarra, |
| Fecha de publicación, distribución, etc. |
2018. |
| 300 ## - DESCRIPCIÓN FÍSICA |
| Extensión |
269 p. |
| 651 #4 - ASIENTO SECUNDARIO DE MATERIA - NOMBRE GEOGRAFICO |
| Nombre geográfico |
MEXICO - |
| Subdivisión general |
POLITICA Y GOBIERNO - |
| Subdivisión cronológica |
2000- - |
| Subdivisión de forma |
CONGRESOS |
| 9 (RLIN) |
19946 |
| 650 #4 - ASIENTO SECUNDARIO DE MATERIA - TERMINO TEMATICO |
| Término de materia o nombre geográfico como elemento de entrada |
Psicoanálisis |
| Subdivisión de forma |
Congresos |
| 9 (RLIN) |
27239 |
| 650 #4 - ASIENTO SECUNDARIO DE MATERIA - TERMINO TEMATICO |
| Término de materia o nombre geográfico como elemento de entrada |
PSICOLOGIA SOCIAL - |
| Subdivisión geográfica |
MEXICO - |
| Subdivisión de forma |
CONGRESOS |
| 9 (RLIN) |
27240 |
| 650 #4 - ASIENTO SECUNDARIO DE MATERIA - TERMINO TEMATICO |
| Término de materia o nombre geográfico como elemento de entrada |
VIOLENCIA - |
| Subdivisión geográfica |
MEXICO - |
| Subdivisión general |
ASPECTOS PSICOLOGICOS - |
| Subdivisión de forma |
CONGRESOS |
| 9 (RLIN) |
27241 |
| 700 1# - ASIENTO SECUNDARIO--NOMBRE DE PERSONAL |
| Nombre de persona |
Carreras Sendra, Natatxa, |
| Término indicativo de función/relación |
coord. |
| 905 ## - TIPO DE MATERIAL |
| Tipo de material |
Libro |